Một số câu hỏi và bài tập hóa hữu cơ Dùng cho học sinh chuyên hoá, sinh viên cao đẳng - đại học chuyên ngành hóa, giáo viên hóa THPT
Đã lưu trong:
| Tác giả chính: | |
|---|---|
| Tác giả khác: | |
| Định dạng: | Sách |
| Ngôn ngữ: | Undetermined |
| Được phát hành: |
H.
Đại học Quốc gia Hà Nội
2007
|
| Những chủ đề: | |
| Truy cập trực tuyến: | http://lrc.tdmu.edu.vn/opac/search/detail.asp?aID=2&ID=3490 |
| Các nhãn: |
Thêm thẻ
Không có thẻ, Là người đầu tiên thẻ bản ghi này!
|
| Thư viện lưu trữ: | Trung tâm Học liệu Trường Đại học Thủ Dầu Một |
|---|
| LEADER | 00836nam a2200217Ia 4500 | ||
|---|---|---|---|
| 001 | TDMU_3490 | ||
| 008 | 210410s9999 xx 000 0 und d | ||
| 082 | |a 547 | ||
| 090 | |b D238 | ||
| 100 | |a Đào,Văn Ích | ||
| 245 | 0 | |a Một số câu hỏi và bài tập hóa hữu cơ | |
| 245 | 0 | |b Dùng cho học sinh chuyên hoá, sinh viên cao đẳng - đại học chuyên ngành hóa, giáo viên hóa THPT | |
| 245 | 0 | |c Đào Văn Ích, Triệu Quý Hùng | |
| 260 | |a H. | ||
| 260 | |b Đại học Quốc gia Hà Nội | ||
| 260 | |c 2007 | ||
| 300 | |a 255tr. | ||
| 650 | |a Hóa hữu cơ |v Bài tập | ||
| 700 | |a Triệu, Quý Hùng | ||
| 856 | |u http://lrc.tdmu.edu.vn/opac/search/detail.asp?aID=2&ID=3490 | ||
| 980 | |a Trung tâm Học liệu Trường Đại học Thủ Dầu Một | ||